Recent Advances in Control Problems of Dynamical Systems and Networks (Запис № 461462)
[ простий вигляд ]
| 000 -LEADER | |
|---|---|
| fixed length control field | 03610nam a22005055i 4500 |
| 001 - CONTROL NUMBER | |
| control field | 978-3-030-49123-9 |
| 003 - CONTROL NUMBER IDENTIFIER | |
| control field | DE-He213 |
| 005 - DATE AND TIME OF LATEST TRANSACTION | |
| control field | 20200904105233.0 |
| 007 - PHYSICAL DESCRIPTION FIXED FIELD--GENERAL INFORMATION | |
| fixed length control field | cr nn 008mamaa |
| 008 - FIXED-LENGTH DATA ELEMENTS--GENERAL INFORMATION | |
| fixed length control field | 200811s2021 gw | s |||| 0|eng d |
| 020 ## - INTERNATIONAL STANDARD BOOK NUMBER | |
| International Standard Book Number | 9783030491239 |
| -- | 978-3-030-49123-9 |
| 024 7# - OTHER STANDARD IDENTIFIER | |
| Standard number or code | 10.1007/978-3-030-49123-9 |
| Source of number or code | doi |
| 050 #4 - LIBRARY OF CONGRESS CALL NUMBER | |
| Classification number | TJ212-225 |
| 072 #7 - SUBJECT CATEGORY CODE | |
| Subject category code | TJFM |
| Source | bicssc |
| 072 #7 - SUBJECT CATEGORY CODE | |
| Subject category code | TEC004000 |
| Source | bisacsh |
| 072 #7 - SUBJECT CATEGORY CODE | |
| Subject category code | TJFM |
| Source | thema |
| 082 04 - DEWEY DECIMAL CLASSIFICATION NUMBER | |
| Classification number | 629.8 |
| Edition number | 23 |
| 245 10 - TITLE STATEMENT | |
| Title | Recent Advances in Control Problems of Dynamical Systems and Networks |
| Medium | [electronic resource] / |
| Statement of responsibility, etc | edited by Ju H. Park. |
| 250 ## - EDITION STATEMENT | |
| Edition statement | 1st ed. 2021. |
| 264 #1 - | |
| -- | Cham : |
| -- | Springer International Publishing : |
| -- | Imprint: Springer, |
| -- | 2021. |
| 300 ## - PHYSICAL DESCRIPTION | |
| Extent | XXXIX, 527 p. 160 illus., 143 illus. in color. |
| Other physical details | online resource. |
| 336 ## - | |
| -- | text |
| -- | txt |
| -- | rdacontent |
| 337 ## - | |
| -- | computer |
| -- | c |
| -- | rdamedia |
| 338 ## - | |
| -- | online resource |
| -- | cr |
| -- | rdacarrier |
| 347 ## - | |
| -- | text file |
| -- | |
| -- | rda |
| 490 1# - SERIES STATEMENT | |
| Series statement | Studies in Systems, Decision and Control, |
| Міжнародний стандартний серійний номер для назви серії (ISSN) | 2198-4182 ; |
| Том/ позначення послідовності | 301 |
| 505 0# - FORMATTED CONTENTS NOTE | |
| Formatted contents note | Linear and Nonlinear Dynamic Systems -- Switched Systems and Hybrid Control -- Fractional-Order Systems -- Dynamical Networks -- Index. |
| 520 ## - SUMMARY, ETC. | |
| Summary, etc | This edited book introduces readers to new analytical techniques and controller design schemes used to solve the emerging “hottest” problems in dynamic control systems and networks. In recent years, the study of dynamic systems and networks has faced major changes and challenges with the rapid advancement of IT technology, accompanied by the 4th Industrial Revolution. Many new factors that now have to be considered, and which haven’t been addressed from control engineering perspectives to date, are naturally emerging as the systems become more complex and networked. The general scope of this book includes the modeling of the system itself and uncertainty elements, examining stability under various criteria, and controller design techniques to achieve specific control objectives in various dynamic systems and networks. In terms of traditional stability matters, this includes the following special issues: finite-time stability and stabilization, consensus/synchronization, fault-tolerant control, event-triggered control, and sampled-data control for classical linear/nonlinear systems, interconnected systems, fractional-order systems, switched systems, neural networks, and complex networks. In terms of introducing graduate students and professional researchers studying control engineering and applied mathematics to the latest research trends in the areas mentioned above, this book offers an excellent guide. . |
| 650 #0 - SUBJECT ADDED ENTRY--TOPICAL TERM | |
| Topical term or geographic name as entry element | Control engineering. |
| 650 #0 - SUBJECT ADDED ENTRY--TOPICAL TERM | |
| Topical term or geographic name as entry element | Computational intelligence. |
| 650 14 - SUBJECT ADDED ENTRY--TOPICAL TERM | |
| Topical term or geographic name as entry element | Control and Systems Theory. |
| -- | https://scigraph.springernature.com/ontologies/product-market-codes/T19010 |
| 650 24 - SUBJECT ADDED ENTRY--TOPICAL TERM | |
| Topical term or geographic name as entry element | Computational Intelligence. |
| -- | https://scigraph.springernature.com/ontologies/product-market-codes/T11014 |
| 700 1# - ADDED ENTRY--PERSONAL NAME | |
| Personal name | Park, Ju H. |
| Relator term | editor. |
| Relator code | edt |
| -- | http://id.loc.gov/vocabulary/relators/edt |
| 710 2# - ADDED ENTRY--CORPORATE NAME | |
| Corporate name or jurisdiction name as entry element | SpringerLink (Online service) |
| 773 0# - HOST ITEM ENTRY | |
| Title | Springer Nature eBook |
| 776 08 - ADDITIONAL PHYSICAL FORM ENTRY | |
| Display text | Printed edition: |
| International Standard Book Number | 9783030491222 |
| 776 08 - ADDITIONAL PHYSICAL FORM ENTRY | |
| Display text | Printed edition: |
| International Standard Book Number | 9783030491246 |
| 776 08 - ADDITIONAL PHYSICAL FORM ENTRY | |
| Display text | Printed edition: |
| International Standard Book Number | 9783030491253 |
| 830 #0 - SERIES ADDED ENTRY--UNIFORM TITLE | |
| Uniform title | Studies in Systems, Decision and Control, |
| -- | 2198-4182 ; |
| Volume number/sequential designation | 301 |
| 856 40 - ELECTRONIC LOCATION AND ACCESS | |
| Uniform Resource Identifier | <a href="https://doi.org/10.1007/978-3-030-49123-9">https://doi.org/10.1007/978-3-030-49123-9</a> |
| 912 ## - | |
| -- | ZDB-2-INR |
| 912 ## - | |
| -- | ZDB-2-SXIT |
Немає доступних примірників.